000 00581nam a2200205 u 4500
005 20210223131259.0
008 100512s2006 es r 000 0 spa d
020 _a8467507233
035 _aUPN01000175794
049 _aC
050 4 _aPC4625
_bD5.24 2006
245 0 0 _aDiccionario general lengua española /
_cdir. Concepción Maldonado González.
250 _a6a ed.
260 _aMadrid :
_bSM,
_c2006.
300 _a927 p.
440 0 _aDiccionarios
650 4 _aESPAÑOL -
_vDICCIONARIOS
_99421
700 1 _aMaldonado González, Concepción,
_edir.
905 _aLibro
999 _c147897
_d147897